All 196 Countries of the World : No Vowels - Statistics

General Stats
  • This quiz has been taken 38 times
  • The average score is 161 of 196
Answers on the Map
Answers color-coded by a green-red scale on the quiz's map according to % correct below.
 
Answer Stats
Vowels Full Name % Correct
Ntd Stts United States
100%
Ntd Kngdm United Kingdom
95%
Pr Peru
95%
Str Austria
95%
Brzl Brazil
90%
Chn China
90%
Clnd Iceland
90%
Cnd Canada
90%
Dnmrk Denmark
90%
Frnc France
90%
Jpn Japan
90%
Lb Libya
90%
Mn Oman | Yemen
90%
Nd India
90%
Ndns Indonesia
90%
Nr Nauru
90%
Nrw Norway
90%
Rlnd Ireland
90%
Rss Russia
90%
Spn Spain
90%
Sr Lnk Sri Lanka
90%
Strl Australia
90%
Swdn Sweden
90%
Bhrn Bahrain
85%
Blgm Belgium
85%
Blgr Bulgaria
85%
Blrs Belarus
85%
Blv Bolivia
85%
Brn Brunei
85%
Cdr Ecuador
85%
Chl Chile
85%
Clmb Colombia
85%
Cmbd Cambodia
85%
Cntrl Frcn Rpblc Central African Republic
85%
Cprs Cyprus
85%
Crt Croatia
85%
Czch Rpblc Czech Republic
85%
Dmcrtc Rpblc f th Cng Democratic Republic of the Congo
85%
Fnlnd Finland
85%
Ghn Ghana
85%
Gn Guinea | Guyana
85%
Gpt Egypt
85%
Grc Greece
85%
Grg Georgia
85%
Grmn Germany
85%
Hngr Hungary
85%
Krn Ukraine
85%
Ksv Kosovo
85%
Kwt Kuwait
85%
Lbn Albania
85%
Lchtnstn Liechtenstein
85%
Lgr Algeria
85%
Ls Laos
85%
Lthn Lithuania
85%
Ltv Latvia
85%
Lxmbrg Luxembourg
85%
Ml Mali
85%
Mldv Moldova
85%
Mlt Malta
85%
Mngl Mongolia
85%
Mnmr Myanmar
85%
Mntngr Montenegro
85%
Mrcc Morocco
85%
Mxc Mexico
85%
Npl Nepal
85%
Nrth Mcdn North Macedonia
85%
Nthrlnds Netherlands
85%
Phlppns Philippines
85%
Pl Palau
85%
Plnd Poland
85%
Prg Paraguay
85%
Prtgl Portugal
85%
Qtr Qatar
85%
Rg Uruguay
85%
Rgntn Argentina
85%
Rmn Armenia | Romania
85%
Rn Iran
85%
Rq Iraq
85%
Sd Rb Saudi Arabia
85%
Slvk Slovakia
85%
Slvn Slovenia
85%
Sn Mrn San Marino
85%
Sr Syria
85%
Srb Serbia
85%
Srr Ln Sierra Leone
85%
Stn Estonia
85%
Swtzrlnd Switzerland
85%
Tg Togo
85%
Thlnd Thailand
85%
Tl Italy
85%
Trk Turkey
85%
Vnzl Venezuela
85%
Zrbjn Azerbaijan
85%
Bhms Bahamas
80%
Bhtn Bhutan
80%
Blz Belize
80%
Bnn Benin
80%
Brnd Burundi
80%
Bsn nd Hrzgvn Bosnia and Herzegovina
80%
Cb Cuba
80%
Chd Chad
80%
Cmrn Cameroon
80%
Cmrs Comoros
80%
Cst Rc Costa Rica
80%
Djbt Djibouti
80%
Dmnc Dominica
80%
Dmncn Rpblc Dominican Republic
80%
Fghnstn Afghanistan
80%
Fj Fiji
80%
Gn-Bss Guinea-Bissau
80%
Gnd Uganda
80%
Gtml Guatemala
80%
Hndrs Honduras
80%
Ht Haiti
80%
Jmc Jamaica
80%
Jrdn Jordan
80%
Kzkhstn Kazakhstan
80%
Lsth Lesotho
80%
Mdgscr Madagascar
80%
Mls Malaysia
80%
Mlw Malawi
80%
Mrshll Slnds Marshall Islands
80%
Mzmbq Mozambique
80%
Ngl Angola
80%
Ngr Niger | Nigeria
80%
Nrth Kr North Korea
80%
Ntd Rb Mrts United Arab Emirates
80%
Ntg nd Brbd Antigua and Barbuda
80%
Nw Zlnd New Zealand
80%
Pkstn Pakistan
80%
Pnm Panama
80%
Pp Nw Gn Papua New Guinea
80%
Rpblc f th Cng Republic of the Congo
80%
Rtr Eritrea
80%
Rwnd Rwanda
80%
Sdn Sudan
80%
Sm Samoa
80%
Sngpr Singapore
80%
Snt Ktts nd Nvs Saint Kitts and Nevis
80%
Snt Lc Saint Lucia
80%
Snt Vncnt nd th Grndns Saint Vincent and the Grenadines
80%
Srl Israel
80%
Srnm Suriname
80%
Sth Kr South Korea
80%
Sth Sdn South Sudan
80%
St Tmr East Timor
80%
Tjkstn Tajikistan
80%
Tng Tonga
80%
Trkmnstn Turkmenistan
80%
Twn Taiwan
80%
Vnt Vanuatu
80%
Vtcn Ct Vatican City
80%
Vtnm Vietnam
80%
Zbkstn Uzbekistan
80%
Zmb Zambia
80%
Zmbbw Zimbabwe
80%
Brbds Barbados
75%
Brkn Fs Burkina Faso
75%
Btswn Botswana
75%
Cp Vrd Cape Verde
75%
Fdrtd Stts f Mcrns Federated States of Micronesia
75%
Gbn Gabon
75%
Gmb Gambia
75%
Kn Kenya
75%
Krbt Kiribati
75%
Krgzstn Kyrgyzstan
75%
Lbr Liberia
75%
L Slvdr El Salvador
75%
Mldvs Maldives
75%
Mrtn Mauritania
75%
Mrts Mauritius
75%
Ncrg Nicaragua
75%
Nmb Namibia
75%
Schlls Seychelles
75%
Slmn Slnds Solomon Islands
75%
Sml Somalia
75%
Sngl Senegal
75%
Sth Frc South Africa
75%
Swtn Eswatini
75%
Thp Ethiopia
75%
Tns Tunisia
75%
Trndd nd Tbg Trinidad and Tobago
75%
Tvl Tuvalu
75%
Bngldsh Bangladesh
70%
Grnd Grenada
70%
Lbnn Lebanon
70%
Ndrr Andorra
70%
Qtrl Gn Equatorial Guinea
70%
S Tm nd Prncp São Tomé and Príncipe
70%
Tnzn Tanzania
70%
Vr Cst Ivory Coast
70%
Mnc Monaco
65%
No matching quizzes found
Score Distribution
Percent of People with Each Score
Percentile by Number Answered
Your Score History
You have not taken this quiz